Az elektron gerjesztési energia vándorlásának vizsgálata viszkozus keverékoldatokban a fluoreszcencia-kioltás és polarizáció alapján

Elmentve itt :
Bibliográfiai részletek
Szerző: Várkonyi Zoltán
További közreműködők: nincs megadva (Témavezető)
Dokumentumtípus: Disszertáció
Megjelent: 1968
Kulcsszavak:Fizika
Tárgyszavak:
Online Access:http://doktori.ek.szte.hu/8672
LEADER 00771nta a2200205 i 4500
001 dokt8672
005 20240130152032.0
008 240130s1968 hu om 000 hun d
040 |a SZTE Doktori Repozitórium  |b hun 
041 |a hun 
100 1 |a Várkonyi Zoltán 
245 1 3 |a Az elektron gerjesztési energia vándorlásának vizsgálata viszkozus keverékoldatokban a fluoreszcencia-kioltás és polarizáció alapján  |h [elektronikus dokumentum] /  |c  Várkonyi Zoltán 
260 |c 1968 
502 |a Disszertacio 
650 4 |a fizikai tudományok 
650 4 |a Természettudományok 
650 4 |a Fizikai tudományok 
695 |a Fizika 
700 0 1 |a nincs megadva  |e ths 
856 4 0 |u https://doktori.bibl.u-szeged.hu/id/eprint/8672/1/1968_varkonyi_zoltan.pdf  |z Dokumentum-elérés